UBT Library

Suffragettes to she-devils : (Record no. 44684)

000 -LEADER
fixed length control field 00804cam a2200253 a 4500
001 - CONTROL NUMBER
control field 158157
005 - DATE AND TIME OF LATEST TRANSACTION
control field 20180312050140.0
008 - FIXED-LENGTH DATA ELEMENTS--GENERAL INFORMATION
fixed length control field 980401s1997 enka b 001 0 eng d
010 ## - LIBRARY OF CONGRESS CONTROL NUMBER
LC control number 98133880
020 ## - INTERNATIONAL STANDARD BOOK NUMBER
International Standard Book Number 0714836192
035 ## - SYSTEM CONTROL NUMBER
System control number (OCoLC)37466252
040 ## - CATALOGING SOURCE
Original cataloging agency JNA
Transcribing agency JNA
Modifying agency UKM
-- DLC
041 ## - LANGUAGE CODE
Language code of text/sound track or separate title eng
042 ## - AUTHENTICATION CODE
Authentication code lccopycat
080 ## - UNIVERSAL DECIMAL CLASSIFICATION NUMBER
Universal Decimal Classification number 305.420904 liz
082 00 - DEWEY DECIMAL CLASSIFICATION NUMBER
Classification number 305.420904 liz
Edition number 21
100 1# - Rafti
Rafti 25
101 ## - Shkurtesa
Shkurtesa edu
245 10 - TITLE STATEMENT
Title Suffragettes to she-devils :
Statement of responsibility, etc Liz McQuiston ; foreword by Germaine Greer.
504 ## - BIBLIOGRAPHY, ETC. NOTE
Bibliography, etc Includes bibliographical references (p. 236-237) and index.
906 ## - LOCAL DATA ELEMENT F, LDF (RLIN)
a 7
b cbc
c copycat
d 3
e ncip
f 19
g y-gencatlg
942 ## - ADDED ENTRY ELEMENTS (KOHA)
Source of classification or shelving scheme
Item type Books
Holdings
Withdrawn status Lost status Source of classification or shelving scheme Damaged status Not for loan Collection code Permanent location Current location Shelving location Date acquired Total Checkouts Full call number Barcode Date last seen Price effective from Koha item type
          Koleksioni i përgjithshem UBT - Lipjan UBT - Lipjan Koleksioni i përgjithshem 03/12/2018   305.420904 liz 002-3001804 03/12/2018 03/12/2018 Books
UBT Library © 2015-2024. All rights reserved University Education for Business and Technology